Estafa de seguro

Sábháilte in:
Sonraí bibleagrafaíochta
Príomhchruthaitheoir: Bacigalupo Zapater, Enrique (Údar)
Formáid: LEABHAR
Teanga:Spáinnis
Foilsithe / Cruthaithe: Buenos Aires Pannedille 1971
Ábhair:
Clibeanna: Cuir clib leis
Níl clibeanna ann, Bí ar an gcéad duine le clib a chur leis an taifead seo!

MARC

LEADER 00000nam a2200000 a 4500
001 UCV1478
003 CL-VaPUC
008 900713e19710000AG |||||||||||||||||spa|d
082 0 4 |a 364.16  |b BAC  |2 21 
100 0 |a Bacigalupo Zapater, Enrique  |e author  |9 295757 
245 1 0 |a Estafa de seguro 
246 1 0 |a Apropiación indebida 
300 |a 62 p 
942 |c BK 
945 |d 19900713 00:00:00 
260 |a Buenos Aires  |b Pannedille  |c 1971 
650 7 |a ESTAFA Y SEGUROS  |2 CL-VaPUC  |9 256515 
650 0 |a Apropiación ilícita de bienes  |x Derecho  |9 256516 
650 0 |a Delitos contra la propiedad   |9 256091 
651 0 |a Argentina  |9 254888 
583 |a last modification  |c 20190704 02:55:19  |k Rodrigo Vera 
999 |c 209431  |d 209429 
952 |0 0  |1 0  |2 ddc  |4 0  |6 364_160000000000000_BAC_1971  |7 0  |8 A  |9 184831  |a BIBDER  |b BIBDER  |d 2019-11-14  |i 252144K  |o 364.16 BAC 1971  |p 252144K  |r 2023-01-25  |w 2019-11-14  |y MX  |k DER